000 01724nam a2200409 a 4500
001 ebr10369801
003 CaPaEBR
006 m u
007 cr cn|||||||||
008 090924s2009 dcua sb i000 0 eng d
010 _z 2009502607
020 _z9780821380024 (pbk.)
020 _z0821380028 (pbk.)
040 _aCaPaEBR
_cCaPaEBR
035 _a(OCoLC)454516937
043 _af-cg---
050 1 4 _aLA1912
_b.B37 2009eb
082 0 4 _a370.9
_222
100 1 _aBashir, Sajitha.
245 1 0 _aChanging the trajectory
_h[electronic resource] :
_beducation and training for youth in Democratic Republic of Congo /
_cSajitha Bashir.
260 _aWashington, D.C. :
_bWorld Bank, Africa Region Human Development Dept.,
_cc2009.
300 _axviii, 74 p. :
_bill.
490 1 _aWorld Bank working paper ;
_vno. 168
490 1 _aAfrica human development series
500 _a"Education For All Fast Track Initiative."
504 _aIncludes bibliographical references (p. 73-74).
533 _aElectronic reproduction.
_bPalo Alto, Calif. :
_cebrary,
_d2013.
_nAvailable via World Wide Web.
_nAccess may be limited to ebrary affiliated libraries.
650 0 _aEducation
_zCongo (Democratic Republic)
650 0 _aYouth
_zCongo (Democratic Republic)
655 7 _aElectronic books.
_2local
710 2 _aWorld Bank.
_bAfrica Regional Office.
_bHuman Development Dept.
710 2 _aEducation For All Fast Track Initiative.
710 2 _aebrary, Inc.
830 0 _aAfrica Region human development series.
830 0 _aWorld Bank working paper ;
_vno. 168.
856 4 0 _uhttp://site.ebrary.com/lib/rucke/Doc?id=10369801
_zAn electronic book accessible through the World Wide Web; click to view
999 _c213932
_d213932